000 01100nam0a22002411 4500
001 rc\3029877
005 20250530020221.0
035 _a(NLR Aleph) 007170864
090 _a7344656
_c7344656
100 _a20110930d1936 |||y0rusy50 ca
101 0 _arus
102 _aRU
105 _aa z |||||
200 1 _aТеория резания угля цепными врубовыми машинами
_fМ.М. Протодьяконов
210 _aМосква
_aЛенинград
_cОнти. Гл. ред. горно-топливной лит.
_d1936
_eЛенинград
_g3 тип. ОНТИ
215 _aОбл., 195 с.
_cчерт.
_d22×15 см
320 _aБиблиогр.: "Основная использов. лит." (с. 191-92). - "Впомогат. лит." (с. 193-95)
700 1 _7ca
_8rus
_aПротодьяконов
_bМ. М.
_cмл.
_cд-р техн. наук, горные машины
_f1911-1987
_gМихаил Михайлович
_9237037
_3RU\NLR\AUTH\770237093
801 0 _aRU
_bNLR
_gpsbo
801 1 _aRU
_bELAR
_2rusmarc
852 _aNLR
_j36-4/1965
942 _cBOOK
980 _aNB